00519 2200181 4500001002100000005001500021035002000036245010100056100002100157300002500178260003300203082001100236084001700247020002200264650002900286990001100315990001100326INLIS00000000000150320230831071403 a0010-08230000201 aRenungan Kalbu Dalam Kultum Kulima :bHidup Sederhana Membuat Hati Bercahaya /cIrcham Machfoedz0 aIrcham Machfoedz av, 85 hlm ;c20,5 cm aYogyakarta :bAldania,c2020 a297.56 a297.56 IRC r a978-602-52063-5-1 4abudi pekerti dalam Islam a002799 a002799